Discovering God's will (Record no. 7429)
[ view plain ]
| 000 -LEADER | |
|---|---|
| fixed length control field | 01486cgm a2200433 i 4500 |
| 001 - CONTROL NUMBER | |
| control field | 615556 |
| 003 - CONTROL NUMBER IDENTIFIER | |
| control field | OSt |
| 005 - DATE AND TIME OF LATEST TRANSACTION | |
| control field | 20190211105510.0 |
| 007 - PHYSICAL DESCRIPTION FIXED FIELD--GENERAL INFORMATION | |
| fixed length control field | vd chaiuu |
| 008 - FIXED-LENGTH DATA ELEMENTS--GENERAL INFORMATION | |
| fixed length control field | 051027t20042004gau er v eng |
| 020 ## - INTERNATIONAL STANDARD BOOK NUMBER | |
| International Standard Book Number | 1590523806 |
| 035 ## - SYSTEM CONTROL NUMBER | |
| System control number | (OCoLC) |
| 035 ## - SYSTEM CONTROL NUMBER | |
| System control number | (OCoLC)ocn277008156 |
| 035 ## - SYSTEM CONTROL NUMBER | |
| System control number | 615556 |
| 040 ## - CATALOGING SOURCE | |
| Original cataloging agency | PTS |
| Language of cataloging | eng |
| Description conventions | rda |
| Transcribing agency | PTS |
| 049 ## - LOCAL HOLDINGS (OCLC) | |
| Holding library | PTSS |
| 082 ## - DEWEY DECIMAL CLASSIFICATION NUMBER | |
| Classification number | 248.4 |
| Item number | S787D |
| 090 ## - LOCALLY ASSIGNED LC-TYPE CALL NUMBER (OCLC); LOCAL CALL NUMBER (RLIN) | |
| Classification number (OCLC) (R) ; Classification number, CALL (RLIN) (NR) | BV4501.3 |
| Local cutter number (OCLC) ; Book number/undivided call number, CALL (RLIN) | .S733 2004 |
| 100 1# - MAIN ENTRY--PERSONAL NAME | |
| Personal name | Stanley, Andy. |
| 245 00 - TITLE STATEMENT | |
| Title | Discovering God's will |
| Medium | [videorecording] : |
| Remainder of title | how to know when you are heading in the right direction / |
| Statement of responsibility, etc. | Andy Stanley. |
| 264 #1 - PRODUCTION, PUBLICATION, DISTRIBUTION, MANUFACTURE, AND COPYRIGHT NOTICE | |
| Place of production, publication, distribution, manufacture | Alpharetta, GA : |
| Name of producer, publisher, distributor, manufacturer | North Point Minsitries, Inc., |
| Date of production, publication, distribution, manufacture, or copyright notice | [2004] |
| 264 #4 - PRODUCTION, PUBLICATION, DISTRIBUTION, MANUFACTURE, AND COPYRIGHT NOTICE | |
| Date of production, publication, distribution, manufacture, or copyright notice | �2004 |
| 300 ## - PHYSICAL DESCRIPTION | |
| Extent | 1 videodisc (approximately 30 min.) : |
| Other physical details | sound, color ; |
| Dimensions | 4 3/4 in. + |
| Accompanying material | Study guide (106 pages ; |
| Dimensions | 22 mc.) |
| 336 ## - CONTENT TYPE | |
| Content type term | two-dimensional moving image |
| Content type code | tdi |
| Source | rdacontent |
| 337 ## - MEDIA TYPE | |
| Media type term | video |
| Media type code | v |
| Source | rdamedia |
| 338 ## - CARRIER TYPE | |
| Carrier type term | videodisc |
| Carrier type code | vd |
| Source | rdacarrier |
| 520 ## - SUMMARY, ETC. | |
| Summary, etc. | Discovering God' s Will takes you through the important steps of decision making as you begin to discover the personal vision of God. |
| 538 ## - SYSTEM DETAILS NOTE | |
| System details note | DVD. |
| 650 #0 - SUBJECT ADDED ENTRY--TOPICAL TERM | |
| Topical term or geographic name entry element | Spiritual life |
| General subdivision | Christianity. |
| 650 #0 - SUBJECT ADDED ENTRY--TOPICAL TERM | |
| Topical term or geographic name entry element | Conduct of life. |
| 650 #0 - SUBJECT ADDED ENTRY--TOPICAL TERM | |
| Topical term or geographic name entry element | God |
| General subdivision | Will. |
| 650 #0 - SUBJECT ADDED ENTRY--TOPICAL TERM | |
| Topical term or geographic name entry element | Christian education |
| General subdivision | Curricula. |
| 650 #0 - SUBJECT ADDED ENTRY--TOPICAL TERM | |
| Topical term or geographic name entry element | DVD-Video discs. |
| 655 #7 - INDEX TERM--GENRE/FORM | |
| Genre/form data or focus term | Video recordings. |
| Source of term | lcgft |
| 700 1# - ADDED ENTRY--PERSONAL NAME | |
| Personal name | Gillespie, Thomas W., |
| Dates associated with a name | 1928- |
| 710 2# - ADDED ENTRY--CORPORATE NAME | |
| Corporate name or jurisdiction name as entry element | North Point Ministries, Inc. |
| 942 ## - ADDED ENTRY ELEMENTS (KOHA) | |
| Source of classification or shelving scheme | Dewey Decimal Classification |
| Koha item type | Books |
| 945 ## - LOCAL PROCESSING INFORMATION (OCLC) | |
| a | MARCIVE20181205 |
| Withdrawn status | Lost status | Source of classification or shelving scheme | Damaged status | Not for loan | Collection code | Home library | Current library | Shelving location | Date acquired | Cost, normal purchase price | Total Checkouts | Full call number | Barcode | Date last seen | Price effective from | Koha item type |
|---|---|---|---|---|---|---|---|---|---|---|---|---|---|---|---|---|
| Dewey Decimal Classification | Non-fiction | Harvest Mission College | Harvest Mission College | General Stacks | 11.02.2019 | 850.00 | 248.4 S787D | 008428 | 11.02.2019 | 11.02.2019 | Books |
